1356 1994 1284 1488 1849 1830 1668 1710 1423 1099 1597 1320 1663 1419 1474 1698 1226 1038 1596 1047 1729 1136 1605 1045 1997 1622 1481 1890 1133 1084 1805 1437 1474 1542 1002 1515 1466 1128 1498 1098 1319 1087 1662 1943 1287 1401 1810 1124 1314 1353 1255 1048 1520 1792 1350 1513 1610 1469 1578 1065 1439 1959 1305 1532 1748 1937 1754 1725 1160 1291 1407 1180 1404 1288 1061 1849 1821 1749 1889 1746 1166 1640 1667 1194 1883 1338 1290 1306 1168 1678 1949 1730 1332 1896 1759 1858 1324 1847 1864 BCNSPRNW ULIB Ver.6.0+V

เปลี่ยนเป็นภาษาไทย

Change to English
 แสดงรายละเอียดบรรณานุกรม
  กลับหน้าหลัก

Brief Record : Get Marc (ISO 2709) : E-mail record : QR code < ปิดหน้าต่าง
LEADER : 00000nam 2200000uu 4500
001    13399110654
003     ULIB
008    110607s2551||||th 000 0 tha d
020    9789749507094 (เล่ม 1)
020    9749507096 (ล.1)
060 04 WS13^bม546ส ล.1 2551
100 1  มัตสุดะ, มิชิโอะ
245 10 สารานุกรมการเลี้ยงดูเด็ก =^bIkuji no hyakka /^cเขียนโดยมิชิโอะ มัตสุดะ ; แปลเรียบเรียง, พรอนงค์ นิยมค้า
246 13 Ikuji no hyakka
250    พิมพ์ครั้งที่ 23
260    กรุงเทพฯ :^bหมอชาวบ้าน,^c2551
300    2 เล่ม :^bภาพประกอบ ;^c22 ซม.
650  7 เด็ก, การดูแล^vสารานุกรม
650  7 เด็ก, การเลี้ยง^vสารานุกรม
650  7 ทารก, การดูแล^vสารานุกรม
700 0  พรอนงค์ นิยมค้า,^eผู้แปล
945    ^p250^l0^i023634
945    ^p250^l0^i023635
995    ทศพร
999 ^a ใช้งานได้ทุกระบบ
รายการนี้ยังไม่มีแท็ก
คุณยังไม่ได้ล็อกอิน คุณสามารถมีกิจกรรมร่วมกับเว็บไซต์ได้ แต่ต้องล็อกอินก่อน ::
  ล็อกอิน

รายการสื่อสารสนเทศ

ลำดับที่ ประเภท เลขเรียก/บาร์โค้ด สถานที่ สถานะ
- ไม่พบข้อมูล -

รายการใกล้เคียง
    ผู้แต่ง [มัตสุดะ, มิชิโอะ]

BibComment


ยังไม่เคยถูกคอมเมนท์

คอมเมนท์ทรัพยากรรายการนี้
  คอมเมนท์: สารานุกรมการเลี้ย..


 Copyright 2026. Bcnsprnw @Library